LEADER 01102nam a22002891i 4500 001 991000439119707536 005 20021009092341.0 008 021009s1984 it |||||||||||||||||ita 035 $ab12005095-39ule_inst 035 $aARCHE-009489$9ExL 040 $aDip.to Filologia Ling. e Lett.$bita$cA.t.i. Arché s.c.r.l. Pandora Sicilia s.r.l. 100 1 $aGreimas, Algirdas Julien$0156484 245 10$aDel senso 2 :$bnarrativa, modalità, passioni /$cAlgirdas Julien Greimas ; traduzione a cura di Patrizia Magli e Maria Pia Pozzato 260 $aMilano :$bBompiani,$c1984 300 $aXVI, 244 p. ;$c22 cm 490 0$aStudi Bompiani.$pIl campo semiotico 650 4$aSemantica 650 4$aSintassi 700 1 $aMagli, Patrizia 700 1 $aPozzato, Maria Pia 765 0 $tDu sens 2 907 $a.b12005095$b28-04-17$c01-04-03 912 $a991000439119707536 945 $aLE008 Cr M VIII 59$g1$i2008000238285$lle008$o-$pE0.00$q-$rl$s- $t0$u1$v0$w1$x0$y.i12290737$z01-04-03 996 $aDel senso 2$9133727 997 $aUNISALENTO 998 $ale008$b01-04-03$cm$da $e-$fita$git $h0$i1 LEADER 02267nam 2200553 450 001 9910787562103321 005 20230803030908.0 010 $a1-60805-716-X 035 $a(CKB)2670000000400496 035 $a(EBL)1310819 035 $a(OCoLC)854975259 035 $a(SSID)ssj0001166458 035 $a(PQKBManifestationID)11648656 035 $a(PQKBTitleCode)TC0001166458 035 $a(PQKBWorkID)11121155 035 $a(PQKB)10988810 035 $a(MiAaPQ)EBC1310819 035 $a(EXLCZ)992670000000400496 100 $a20111102d2013 uy 0 101 0 $aeng 135 $aur|n|---||||| 181 $ctxt 182 $cc 183 $acr 200 00$aProgress in computational physics$hVolume 3$iNovel trends in Lattice-Boltzmann methods /$fedited by Matthias Ehrhardt 210 1$aSharjah :$cBentham Science Publishers,$d[2013] 210 4$d©2013 215 $a1 online resource (284 p.) 225 1 $aProgress in Comuptational Physics ;$vv.3 225 0$aProgress in computational physics ;$v3 300 $aDescription based upon print version of record. 311 $a1-60805-717-8 320 $aIncludes bibliographical references and index. 327 $aTitle; Cover; EUL; Contents; Foreword; Preface; Part 01; Chapter 01; Part 02; Chapter 02; Chapter 03; Chapter 04; Chapter 05; Part 03; Chapter 06; Chapter 07; Part 04; Chapter 08; Part 05; Chapter 09; Index; Back 330 $aThe third volume - Novel Trends in Lattice Boltzmann Methods contains 10 chapters devoted to mathematical analysis of different issues related to the lattice Boltzmann methods, advanced numerical techniques for physico-chemical flows, fluid structure interaction and practical applications of these phenomena to real world problems. 410 0$aProgress in Comuptational Physics 606 $aTransport theory$xMathematical models 606 $aMathematical physics 615 0$aTransport theory$xMathematical models. 615 0$aMathematical physics. 676 $a530.4/1/0113 701 $aEhrhardt$b Matthias$01466284 801 0$bMiAaPQ 801 1$bMiAaPQ 801 2$bMiAaPQ 906 $aBOOK 912 $a9910787562103321 996 $aProgress in computational physics$93846546 997 $aUNINA